000 01017nam0a2200277 4500
001 RU\NLR\BIBL_A\012430345
005 20250624032821.0
035 _a(NLR Aleph) 012430345
090 _a13302508
_c13302508
100 _a20210111d1978 |||y0rusy50 ca
101 0 _aaze
102 _aAZ
105 _ac z 000 y
181 0 _ai
_baxxe
182 0 _an
200 1 _aЛоғман деjиб ки...
_ejумористик һекаjәләр
_fШүкүр Һәбибзадә
203 _aТекст
_bвизуальный
_cнепосредственный
210 _aБакы
_cҜәнҹлик
_d1978
215 _a127,[1] c.
_cпортр.
_d16
541 1 _6z01790
_aЛогман сказал, что...
_eюмористические рассказы
_zrus
700 1 _aҺәбибзадә
_bШ. Ш.
_gШүкүр Шамил оғлу
_4070
790 1 _6z01 541
_aГабибзаде
_bШ. Ш.
_gШукюр Шамиль оглы
_4070
852 _aNLR
_bОНЛ
_jАзерб./2-18230
942 _cBOOK
980 _aNB